| 000 | 00652cab a2200193 4500 | ||
|---|---|---|---|
| 001 | ABS40509 | ||
| 008 | 090401t1989 xxu||||| |||| 00| 0 eng d | ||
| 035 | _a(Sirsi) u24394 | ||
| 041 | _aeng | ||
| 100 | _aPurdue, M. | ||
| 245 | _aMaterial considerations: an ever expanding concept? | ||
| 260 | _c1989 | ||
| 350 | _a0 | ||
| 490 |
_aJPL _v(1989) 156-161(6) |
||
| 520 | _aConsiders recent legal decisions relating to " material considerations " in planning applications under three headings: social considerations, economic considerations and personal considerations. | ||
| 690 | _aPLANNING LAW AND PRACTICE | ||
| 942 | _n0 | ||
| 948 | _c04/03/1997 | ||
| 999 |
_c16358 _d16358 |
||